000 01126nas a2200301 4500
001 BR8102950
003 BR-BrBNA
005 20231205084734.0
007 ta
008 230509b bl.|||p| |||| 00| 00por d
040 _aBR-BrBNA
_bpor
_cBiblioteca Nacional de Agricultura
041 _a(Pt)
072 _aF50; K20
100 1 _aRamalho, R. da S.
100 1 _aFinger, Z.
245 1 _aEstudos dendrologicos da regeneracao natural na microrregiao de Vicosa, Minas Gerais, 2. Chave dicotomica para a identificacao das especies [Arvore florestal; Brasil]
246 1 _a[Dendrological studies of natural regeneration in the micro-region of Vicosa, Minas Gerais, 2. Dichotomous Key for the identification of species [Forest tree; Brazil]]
650 _aEstrutura vegetal
650 _aAdministracao florestal
650 _aArvore florestal
650 _aDendrologia
650 _aMorfologia vegetal
650 _aVicosa
650 _aMinas Gerais
773 0 _tRevista Arvore (Brazil)
_xISSN 0100-6762
_g(1980), v. 4(1) p. 91-102
_wBR8102950
909 _a202311
_bLúcia
_c55
_dLúcia Elande
942 _2AGRIS
_n0
_cANA
999 _c106981
_d106981